000 00637nam a2200181 a 4500
005 20210219152713.0
008 991125s1964 mx 000 0 spa u
035 _aUPN01000059183
049 _aCG
050 4 _aG5 M6
_bC5.9
100 1 _aCiveira Taboada, Miguel
245 1 0 _aYucatecos en la sociedad mexicana de geografía y estadística desde 1833 a 1862 /
_cMiguel Civeira Taboada.
260 _aMéxico :
_bSociedad Mexicana de Geografía y Estadística,
_c1964.
300 _a94 p.
440 0 _aSelección de estudios y conferencias ;
_v6
610 2 4 _aSOCIEDAD MEXICANA DE GEOGRAFIA -
_vESTADISTICA -
_zYUCATAN
905 _aLibro
999 _c59183
_d59183